ইসলামের দৃষ্টিতে রাষ্ট্র / (Record no. 4168)
[ view plain ]
| 000 -LEADER | |
|---|---|
| fixed length control field | 00635nam a2200217 a 4500 |
| 001 - CONTROL NUMBER | |
| JCCL Control Number | 4168 |
| 003 - CONTROL NUMBER IDENTIFIER | |
| JCCL marc code | BD-JhCC |
| 005 - DATE AND TIME OF LATEST TRANSACTION | |
| control field | 20171125103522.0 |
| 008 - FIXED-LENGTH DATA ELEMENTS--GENERAL INFORMATION | |
| fixed length control field | 171123s1969 bg ||||| |||| 00| 0 ben d |
| 035 ## - SYSTEM CONTROL NUMBER | |
| system control number | (BD-JhCC)4168 |
| 040 ## - CATALOGING SOURCE | |
| Original cataloging agency | BD-JhCC |
| Modifying agency | BD-JhCC |
| 041 ## - LANGUAGE CODE | |
| Language code of Book | ben |
| 082 ## - DEWEY DECIMAL CLASSIFICATION NUMBER | |
| Classification number | 297.89177 |
| Author mark and Year | ISL 1969 |
| 245 ## - TITLE STATEMENT | |
| Title | ইসলামের দৃষ্টিতে রাষ্ট্র / |
| Statement of responsibility, etc | ইসলামী ফাউন্ডেশন |
| 300 ## - PHYSICAL DESCRIPTION | |
| Pagination | 107 p. : |
| Dimensions | 21 cm. |
| 650 ## - SUBJECT ADDED ENTRY--TOPICAL TERM | |
| Topical term or geographic name as entry element | Islam and state |
| 650 ## - SUBJECT ADDED ENTRY--TOPICAL TERM | |
| Topical term or geographic name as entry element | Islamic countries |
| 710 ## - ADDED ENTRY--CORPORATE NAME | |
| Corporate name or jurisdiction name as entry element | ইসলামী ফাউন্ডেশন |
| 942 ## - ADDED ENTRY ELEMENTS (KOHA) | |
| Source of classification or shelving scheme | Dewey Decimal Classification |
| Koha item type | Books |
| Source of classification or shelving scheme | Damaged status | Not for loan | Home library | Current library | Shelving location | Date of accession | Cost, normal purchase price | Total Checkouts | Full call number | Barcode | Date last seen | Copy number | Koha item type |
|---|---|---|---|---|---|---|---|---|---|---|---|---|---|
| Dewey Decimal Classification | JCC Rouf Library | JCC Rouf Library | General Stacks | 11/22/2017 | 6.00 | 297.89177 ISL 1969 | 5866 | 11/23/2017 | C-1 | Books |